• 首页
  • 本馆介绍
  • 公告通知
  • 最新文献
  • 馆藏检索
  • 电子资源
  • 读者导购
  • 参考咨询
  • 我的图书馆
  • 登录
  • 详细信息显示
  • 放入我的书架
  • 预约/预借图书
  • 作者相关作品
  • 分类相关作品
  • 丛书相关作品
  • 出版社相关作品

书目信息

  • 表格格式
  • 工作单格式
  • 卡片格式
题名:
城市土地开发与管理
    
 
作者: 潘守文 主编 ;北京京投土地项目管理咨询公司 编著
分册:  
出版信息: 北京   中国建筑工业出版社  2006
页数: 10,620页
开本: 29cm
丛书名:
单 册:
中图分类: F299.232
科图分类:
主题词: 城市土地--资源开发--研究--中国 , 城市土地--土地管理--研究--中国 , 城市土地 , 资源开发 , 土地管理
电子资源:
ISBN: 7-112-08694-9
000 01136nam0 2200289 450
001 003372400
005 20100325102816.90
010    @a7-112-08694-9@dCNY118.00
100    @a20070104d2006 em y0chiy0110 ea
101 0  @achi
102    @aCN@b110000
105    @ay z 000yy
106    @ar
200 1  @a城市土地开发与管理@9cheng shi tu di kai fa yu guan li@f潘守文主编@g北京京投土地项目管理咨询股份有限公司编著
210    @a北京@c中国建筑工业出版社@d2006
215    @a10,620页@d29cm
330    @a本书由总论、土地管理、规划管理、北京市土地一级开发实务和土地开发典型案例介绍等五部分构成。通过理论分析和操作实务的结合,并辅以国内外典型城市的土地开发情况介绍,研究、探讨了城市土地开发与管理的模式、体系和方法。
606 0  @a城市土地@x资源开发@x研究@y中国
606 0  @a城市土地@x土地管理@x研究@y中国
606 0  @a城市土地
606 0  @a资源开发
606 0  @a土地管理
690    @aF299.232@v4
701  0 @a潘守文@9pan shou wen@c(教授级高工)@4主编
712 02 @a北京京投土地项目管理咨询公司@9bei jing jing tou tu di xiang mu guan li zi xun gong si@4编著
801  0 @aCN@bNLC@c20100325
905    @b799317-19@dF299.232@e799@f3
    
    城市土地开发与管理/潘守文主编/北京京投土地项目管理咨询股份有限公司编著.-北京:中国建筑工业出版社,2006
    10,620页;29cm
    
    
    ISBN 7-112-08694-9:CNY118.00
    本书由总论、土地管理、规划管理、北京市土地一级开发实务和土地开发典型案例介绍等五部分构成。通过理论分析和操作实务的结合,并辅以国内外典型城市的土地开发情况介绍,研究、探讨了城市土地开发与管理的模式、体系和方法。
●
相关链接 在E读中查询图书 在五车中查询图书 在当当中查询图书 在豆瓣中查询图书


正题名:城市土地开发与管理     索取号:F299.232/799         预约/预借

序号 登录号 条形码 馆藏地/架位号 状态 备注
1 799317   207993171   第一样本阅览室/ [索取号:F299.232/799] 在馆    
2 799318   207993180   第一借阅区/ [索取号:F299.232/799] 在馆    
3 799319   207993199   第一借阅区/ [索取号:F299.232/799] 在馆    
唐山师范学院图书馆 欢迎您!
大连网信软件有限公司© 版权所有